000 01174nam a22003497a 4500
003 CHAP
005 20220329141217.0
008 971010s1980 r 00010 d
010 _a64439
011 _a65411
035 _a72146
040 _cCHAP
090 _aFolleto 8393
110 _aMéxico. Dirección General de Sanidad Vegetal
_977045
245 _aMalezas en los cultivos de maíz, frijol, sorgo y arroz
260 _aMéxico, D. F.:
_bLa Dirección,
_c1980
300 _a25 p.
590 _aBATCH-UPD
_b10
_c20130110
_lUCH01
_h0249
590 _aBATCH-UPD
_b10
_c20130110
_lUCH01
_h2126
590 _aBATCH-UPD
_b10
_c20130409
_lUCH01
_h2319
590 _aBATCH-UPD
_b10
_c20130914
_lUCH01
_h0410
590 _aCONVERSION
_b10
_c20130109
_lUCH01
_h1335
650 1 4 _aArroz
_xMalas hierbas.
_97629
650 1 4 _aFrijol
_xMalas hierbas.
_943400
650 1 4 _aMaíz
_xMalas hierbas.
_971002
650 1 4 _aSorgo
_xMalas hierbas.
_9108691
901 _aBK
942 _cFOLL
949 _aFolleto 8393
_bBC
_cFOLL
_d-147996
_eTS1
_i72146
_si
949 _aFolleto 8393
_bBC
_cFOLL
_d-147997
_eTS2
_fc.2
_i72146
_si
949 _aFolleto 8393
_bBC
_cFOLL
_d-147998
_eTS2
_fc.3
_i72146
_si
999 _c64439
_d64439